000 00216nam a22000857a 4500
008 161108b xxu||||| |||| 00| 0 eng d
100 _91083
_aGeorge.M.etal.
245 _aSocial Science-VIII
260 _aNew Delhi
_bMEB
_c2012
999 _c3742
_d3742